ARRUPE JESUIT UNIVERSITY

CORONAVIRUS -STOP THE SPREAD - CLEAN,DISINFECT,COVER

New paths in biology (Record no. 122416)

MARC details
000 -LEADER
fixed length control field 00553nam a22001697a 4500
008 - FIXED-LENGTH DATA ELEMENTS--GENERAL INFORMATION
fixed length control field 150311b xxu||||| |||| 00| 0 eng d
050 ## - LIBRARY OF CONGRESS CALL NUMBER
Classification number QH315.P583
100 ## - MAIN ENTRY--PERSONAL NAME
Personal name Portmann, Adolf
9 (RLIN) 16244
245 ## - TITLE STATEMENT
Title New paths in biology
Statement of responsibility, etc /by Adolf Portmann
260 ## - PUBLICATION, DISTRIBUTION, ETC. (IMPRINT)
Place of publication, distribution, etc New York
Name of publisher, distributor, etc Harper and row
Date of publication, distribution, etc 1964
300 ## - PHYSICAL DESCRIPTION
Extent xviii,170p. ;
Dimensions 20cm.
440 ## - SERIES STATEMENT/ADDED ENTRY--TITLE
Title World perspectives
Number of part/section of a work no.30
9 (RLIN) 16245
650 ## - SUBJECT ADDED ENTRY--TOPICAL TERM
Topical term or geographic name as entry element Biology
General subdivision Research
9 (RLIN) 16246
700 ## - ADDED ENTRY--PERSONAL NAME
Personal name Pomerans, Arnold J. (trans.)
9 (RLIN) 16247
700 ## - ADDED ENTRY--PERSONAL NAME
Personal name Anshen, Ruth Nanda (series editor)
9 (RLIN) 16248
942 ## - ADDED ENTRY ELEMENTS (KOHA)
Source of classification or shelving scheme Library of Congress Classification
Item type Monograph ( Printed materials)
Holdings
Withdrawn status Lost status Source of classification or shelving scheme Damaged status Not for loan Collection code Home library Current library Shelving location Date acquired Total Checkouts Full call number Barcode Date last seen Price effective from Koha item type
    Library of Congress Classification     Main Collection ARRUPE LIBRARY ARRUPE LIBRARY Main Collection 11/03/2015   QH315.P583 46500002679 02/07/2019 11/03/2015 Monograph ( Printed materials)

 

Arrupe Library. PO Box MP320 Mt Pleasant, Harare, Zimbabwe
263 242 745411|librarian@aju.ac.zw